| 000 | 00625am a2200229a 44500 | ||
|---|---|---|---|
| 003 | AR-BaBNM | ||
| 005 | 20251128211054.0 | ||
| 008 | 022020s1992 #AR|||||||||||000 | esp|| | ||
| 040 | _cAR-BaBNM | ||
| 100 | 1 | _aBardier, Tula | |
| 245 | 1 | 0 | _a¿Educación permanente o permanencia en la educación? |
| 260 |
_aMontevideo _bEl autor _c1992 |
||
| 300 | _a90 p. | ||
| 504 | _aContiene referencias bibliográficas p. 89-90 | ||
| 650 | 4 | _aEDUCACION PERMANENTE | |
| 650 | 4 | _aEDUCACION NO FORMAL | |
| 650 | 4 | _aALTERNATIVAS EDUCATIVAS | |
| 651 | 4 | _aUruguay | |
| 653 | _aSISTEMA EDUCATIVO | ||
| 942 | _cBK | ||
| 998 | _craquel | ||
| 999 |
_c18102 _d18102 |
||